| 000 | 00464nam a2200181Ia 4500 | ||
|---|---|---|---|
| 001 | 17769 | ||
| 005 | 20260306171541.0 | ||
| 008 | 260306s9999||||xx |||||||||||||| ||und|| | ||
| 041 | _aESP | ||
| 082 |
_a658.155 _bV935 |
||
| 100 |
_aVela Zavala, Saúl _eAUT |
||
| 245 | 0 | _aHerramientas financieras en la evaluación del riesgo de crédito | |
| 260 | _c2015 | ||
| 300 |
_a414 páginas : _c24 cm. |
||
| 650 | _aGEN | ||
| 654 | _aCAN | ||
| 942 |
_cLIB _dJUS _fJUS _2ddc _n |
||
| 999 |
_c17769 _d17769 |
||